000 00865nas a2200265Ia 4500
001 A50/R099-4512 [r000001639]
003 IT-MiCISF
008 161014c99999999xx |||||||||||| ||und||
040 _aIT-MiCISF
_cIT-MiCISF
041 _aITALIANO
100 _aFregni Gianfranco
210 _aOrientamenti pastorali
222 _aOrientamenti pastorali
245 0 _aParrocchie e famiglie: riconciliarsi รจ andare oltre l'indifferenza
250 _a1a ed.
260 _c1985
501 _bCISF - Centro Internazionale Studi Famiglia - Via Giotto, 36 20145 MILANO (non commercial uses only)
_cCopyright 2016
300 _app. 65-68
362 _a4, apr. [1985]
500 _a Tema: magistero, famiglia, chiesa-locale, pastorale
650 _aPASTORALE - pastorale familiare
_varticolo
700 _aAA.VV.
942 _cCR
957 _71
999 _a4512
_bSi
_g1
_c222802
_d222802